01262 a2200217 45000010006000000050017000060080041000230030015000640400040000790800079001192450054001980200022002522500013002742640034002873000022003215050537003430410008008801000029008887000028009178560099009455324020260407155806.0260407a2021 arg spa dAR-UNSa-BCEJYS aAR-UNSa-BCEJYSbspacAR-UNSa-BCEJYS a336.226.3xImpuestos por el uso de los ingresos. Impuestos al consumo. IVA10aImpuesto al valor agregadopexplicado y comentado a978-987-01-2686-7 a15a. ed. 1aBuenos Aires :bErreparc2021 ax, 182 p.c27 cm. a1. Aspectos teóricos de la imposición al consumo – 2. Estructura de la ley en la legislación Argentina – 3. Venta de cosas muebles – 4. Obras, locaciones y prestaciones de servicios gravados – 5. Importación definitiva de cosas muebles – 6. Importación de servicios – 7. Extensiones – 8. Base imponible. L.: 10 – 9. Alícuotas – 10. Debito fiscal – 11. Crédito fiscal – 12. Declaración jurada – 13. Operatorias en las que la determinación del impuesto ofrece características especiales. aspa1 aCeldeiro, Ernesto Carlos1 aImirizaldu, Juan José41uhttps://www.biblioeco.unsa.edu.ar/pmb/images/libros/L128379.jpgyImagen de portadaqimage/jpeg